Técnicas criptográficas de protección de datos
Wedi'i Gadw mewn:
| Prif Awduron: | , , , |
|---|---|
| Awduron Eraill: | |
| Fformat: | Llyfr |
| Iaith: | Sbaeneg |
| Cyhoeddwyd: |
Bogotá
RA-MA
1998
|
| Cyfres: | Computec, 351
|
| Pynciau: | |
| Tagiau: |
Ychwanegu Tag
Dim Tagiau, Byddwch y cyntaf i dagio'r cofnod hwn!
|
MARC
| LEADER | 00000nam a2200000 a 4500 | ||
|---|---|---|---|
| 001 | UCO6616 | ||
| 003 | CL-VaPUC | ||
| 008 | 001027e19980000CK |||||||||||||||||spa|d | ||
| 082 | 0 | 4 | |a 005.82 |b FUS |2 21 |
| 100 | 0 | |a Fúster Sabater, Amparo |e author |9 451399 | |
| 700 | 0 | |a De la Guía Martínez, Dolores |e author |9 451400 | |
| 700 | 0 | |a Hernández Encinas, Luis |e author |9 451401 | |
| 700 | 0 | |a Montoya Vitini, Fausto |e author |9 451402 | |
| 700 | |a Muñoz Masqué, Jaime |e autor |9 582745 | ||
| 245 | 1 | 0 | |a Técnicas criptográficas de protección de datos |
| 300 | |a 279 p | ||
| 942 | |c BK | ||
| 945 | |d 20001027 00:00:00 |a vberengu | ||
| 260 | |a Bogotá |b RA-MA |c 1998 | ||
| 650 | 0 | |a Bases de datos |9 260577 | |
| 650 | 0 | |a Criptografía |9 271217 | |
| 650 | 0 | |a Modelos matemáticos |9 259437 | |
| 650 | 0 | |a Programas de computadores |9 260046 | |
| 650 | 0 | |a Protección de datos |9 262446 | |
| 650 | 7 | |a SEGURIDAD DE BASES DE DATOS |2 CL-VaPUC |9 262444 | |
| 583 | |a last modification |c 20001027 00:00:00 |k Rodrigo Vera | ||
| 490 | 0 | |a Computec, 351 | |
| 999 | |c 292096 |d 292094 | ||
| 952 | |0 0 |1 0 |4 0 |6 005_820000000000000_FUS_1998 |7 0 |8 A |9 342684 |a BIBING |b BIBING |d 2019-11-20 |i 3663140 |o 005.82 FUS 1998 |p 3663140 |r 2025-01-20 |w 2019-11-20 |y BK |k CCI | ||
| 952 | |0 0 |1 0 |4 0 |6 005_820000000000000_FUS_1998 |7 0 |8 A |9 342685 |a BIBING |b BIBING |d 2019-11-20 |i 3663159 |o 005.82 FUS 1998 |p 3663159 |r 2025-01-20 |w 2019-11-20 |y BK |k CCI | ||